Ultrametric calculus : an introduction to p-adic analysis / (Record no. 60572)

MARC details
000 -LEADER
fixed length control field 00755nam a2200205 a 4500
008 - FIXED-LENGTH DATA ELEMENTS--GENERAL INFORMATION
fixed length control field 060316s1984 ||||||||||||||||| || u
020 ## - INTERNATIONAL STANDARD BOOK NUMBER
International Standard Book Number 0521242347
050 ## - LIBRARY OF CONGRESS CALL NUMBER
Classification number QA 311 Sch
100 ## - MAIN ENTRY--PERSONAL NAME
Personal name Schikhof, Wilhelmus Hendricus
245 10 - TITLE STATEMENT
Title Ultrametric calculus : an introduction to p-adic analysis /
260 ## - PUBLICATION, DISTRIBUTION, ETC.
Place of publication, distribution, etc. Cambridge [Cambridgeshire] ;New York :
Name of publisher, distributor, etc. Cambridge University Press
Date of publication, distribution, etc. 1984
300 ## - PHYSICAL DESCRIPTION
Extent xi, 306 p.
350 ## - PRICE (NR) (BK AM CF MU VM SE) [OBSOLETE]
Price 0.00
490 ## - SERIES STATEMENT
Series statement Cambridge studies in advanced mathematics
490 ## - SERIES STATEMENT
Volume/sequential designation 4
500 ## - GENERAL NOTE
General note Bibliography: p. 301.
650 #0 - SUBJECT ADDED ENTRY--TOPICAL TERM
Topical term or geographic name entry element CALCULUS
650 ## - SUBJECT ADDED ENTRY--TOPICAL TERM
Topical term or geographic name entry element p-adic analysis
995 ## - RECOMMENDATION 995 [LOCAL, UNIMARC FRANCE]
-- 0.00
-- CBU-MAIN LIBRARY (Kitwe)
-- 1
-- 30.00
-- 1
-- AVAILABLE
-- Annex Low-Usage Collection
Holdings
Withdrawn status Lost status Source of classification or shelving scheme Damaged status Not for loan Home library Current library Shelving location Date acquired Total Checkouts Full call number Barcode Date last seen Price effective from Koha item type
          CBU-MAIN LIBRARY, KITWE. CBU-MAIN LIBRARY, KITWE.   11/30/2022   QA 311 Sch 026055 11/30/2022 11/30/2022 MONOGRAPH